Normal view
MARC view
- D.Ssenyondwa
Entry Personal Name
001 - CONTROL NUMBER
- control field: 15827
003 - CONTROL NUMBER IDENTIFIER
- control field: OSt
005 - DATE AND TIME OF LATEST TRANSACTION
- control field: 20260624155242.0
008 - FIXED-LENGTH DATA ELEMENTS
- fixed length control field: 260624|| aca||aabn | a|a d
040 ## - CATALOGING SOURCE
- Original cataloging agency: OSt
- Transcribing agency: OSt
100 ## - HEADING--PERSONAL NAME
- Personal name: D.Ssenyondwa
670 ## - SOURCE DATA FOUND
- Source citation: Work cat.: (OSt)6222: Kintu Kenneth K.G author 15822, MK primary Agriculture pupil's book 4, c 2002